<?xml version="1.0" encoding="UTF-8"?><?xml-stylesheet type="text/xsl" href="static/style.xsl"?><OAI-PMH xmlns="http://www.openarchives.org/OAI/2.0/" xmlns:xsi="http://www.w3.org/2001/XMLSchema-instance" xsi:schemaLocation="http://www.openarchives.org/OAI/2.0/ http://www.openarchives.org/OAI/2.0/OAI-PMH.xsd"><responseDate>2026-04-28T19:25:17Z</responseDate><request verb="GetRecord" identifier="oai:uvadoc.uva.es:10324/72045" metadataPrefix="marc">https://uvadoc.uva.es/oai/request</request><GetRecord><record><header><identifier>oai:uvadoc.uva.es:10324/72045</identifier><datestamp>2024-12-16T08:21:25Z</datestamp><setSpec>com_10324_38</setSpec><setSpec>col_10324_852</setSpec></header><metadata><record xmlns="http://www.loc.gov/MARC21/slim" xmlns:doc="http://www.lyncode.com/xoai" xmlns:xsi="http://www.w3.org/2001/XMLSchema-instance" xmlns:dcterms="http://purl.org/dc/terms/" xsi:schemaLocation="http://www.loc.gov/MARC21/slim http://www.loc.gov/standards/marcxml/schema/MARC21slim.xsd">
<leader>00925njm 22002777a 4500</leader>
<datafield tag="042" ind1=" " ind2=" ">
<subfield code="a">dc</subfield>
</datafield>
<datafield tag="720" ind1=" " ind2=" ">
<subfield code="a">Arranz Correa, Alejandro</subfield>
<subfield code="e">author</subfield>
</datafield>
<datafield tag="260" ind1=" " ind2=" ">
<subfield code="c">2024</subfield>
</datafield>
<datafield tag="520" ind1=" " ind2=" ">
<subfield code="a">En España, la situación actual de la Seguridad Social es complicada, y es que no es &#xd;
desconocido para nadie que somos un país con una natalidad muy reducida y sabiendo &#xd;
que la generación del baby boom está acabando su etapa laboral y poco a poco &#xd;
pasaran a ser pensionistas, muchos nos preguntamos cómo podremos ser capaces de &#xd;
mantener el sistema actual de la Seguridad Social.&#xd;
En este trabajo estudiaremos los problemas que se presentan en la previsión pública, &#xd;
después de ver su evolución en un contexto global y centrándonos en España, y la &#xd;
alternativa que nos ofrece el sistema privado. Una vez visto esto se realizará un &#xd;
modelo de un plan de pensiones de prestación definida para la población española en &#xd;
2022 y su evolución en 20 años. Para acabar estudiaremos varios escenarios que &#xd;
afecten al plan</subfield>
</datafield>
<datafield tag="024" ind2=" " ind1="8">
<subfield code="a">https://uvadoc.uva.es/handle/10324/72045</subfield>
</datafield>
<datafield ind1=" " ind2=" " tag="653">
<subfield code="a">Seguridad social - España</subfield>
</datafield>
<datafield tag="245" ind1="0" ind2="0">
<subfield code="a">Evolución de la previsión social en España. Un análisis  dinámico</subfield>
</datafield>
</record></metadata></record></GetRecord></OAI-PMH>